[Event "47th Sparkassen Open"]
[Site "Dortmund GER"]
[Date "2019.07.14"]
[Round "2.6"]
[White "Luft, Dennis"]
[Black "Sonnenschein, Philipp"]
[Result "1-0"]
[WhiteElo "2294"]
[BlackElo "2099"]
[WhiteFideId "24623717"]
[BlackFideId "16250877"]
[EventDate "2019.07.13"]

1. e4 c5 2. d3 Nc6 3. g3 g6 4. Bg2 Bg7 5. f4 d6 6. Nf3 e5 7. c3 Nge7 8. O-O O-O
9. Be3 b6 10. d4 exd4 11. cxd4 d5 12. e5 Nf5 13. Bf2 c4 14. Nc3 Be6 15. g4 Nfe7
16. Ng5 a6 17. Bh4 b5 18. f5 gxf5 19. Nxe6 fxe6 20. gxf5 b4 21. f6 bxc3 22. Qg4
Rf7 23. fxe7 Qd7 24. Rxf7 Kxf7 25. Rf1+ 1-0

[Event "47th Sparkassen Open"]
[Site "Dortmund GER"]
[Date "2019.07.14"]
[Round "2.7"]
[White "Rempel, Patrick"]
[Black "Wagner, Alexej"]
[Result "0-1"]
[WhiteElo "2119"]
[BlackElo "2277"]
[WhiteFideId "4657632"]
[BlackFideId "4129555"]
[EventDate "2019.07.13"]

1. d4 d5 2. c4 dxc4 3. e3 Nf6 4. Bxc4 e6 5. Nf3 a6 6. Bb3 b5 7. a4 b4 8. O-O Be7
9. Nbd2 Bb7 10. Re1 c5 11. Nc4 Nbd7 12. Nfe5 Qc7 13. Nxd7 Nxd7 14. e4 cxd4 15.
Qxd4 O-O 16. e5 Nc5 17. Bc2 b3 18. Bb1 Rfd8 19. Qg4 Nd3 20. Bh6 Bf8 21. Bxg7
Bxg7 22. Re3 h5 23. Qh4 Nxb2 24. Bh7+ Kxh7 25. Qxh5+ Kg8 26. Rg3 Be4 27. Nd6 Bg6
28. Qg5 Nd3 29. h4 b2 0-1

[Event "47th Sparkassen Open"]
[Site "Dortmund GER"]
[Date "2019.07.14"]
[Round "2.8"]
[White "Quast, Marcel"]
[Black "Arold, Gerhard"]
[Result "0-1"]
[WhiteElo "2248"]
[BlackElo "2045"]
[WhiteFideId "24663476"]
[BlackFideId "24664120"]
[EventDate "2019.07.13"]

1. e4 d5 2. exd5 Qxd5 3. Nf3 Bg4 4. Be2 Nc6 5. d4 O-O-O 6. c4 Qf5 7. Be3 Bxf3 8.
Bxf3 Nxd4 9. Bxd4 Qe6+ 10. Be2 Qe4 11. O-O Qxd4 12. Qa4 e6 13. Nc3 Qb6 14. Rab1
c5 15. a3 Ne7 16. b4 Nc6 17. bxc5 Qa6 18. Bf3 Qxa4 19. Nxa4 Kc7 20. Rb3 Be7 21.
Rfb1 Rb8 22. Rd1 Rhd8 23. Rxd8 Rxd8 24. g3 Rd4 25. Be2 Rd2 26. Bf1 Ne5 27. Rb1
Ra2 28. Bg2 Nc6 29. Nc3 Rc2 30. Nb5+ Kd7 31. Bxc6+ bxc6 32. Nd4 Rxc4 33. Rb7+
Kc8 34. Rxe7 Rxd4 35. Rxa7 Rd7 36. Ra5 Kb7 37. h4 Rd4 38. Kg2 h5 39. f4 f6 40.
Kf3 Rc4 41. Ke3 Rc3+ 42. Kf2 g6 43. Kg2 e5 44. fxe5 fxe5 45. Ra4 Rxc5 46. g4 Rd5
47. gxh5 gxh5 48. Kf3 Rd4 49. Ra5 Rd5 50. Ra4 c5 51. Ra5 Kb6 52. Ra8 c4 53. Ke2
Kc5 54. Ke3 Rd6 55. Ra5+ Kb6 56. Rxe5 c3 57. Re8 Rc6 58. Rb8+ Ka5 59. Ra8+ Kb5
60. Rb8+ Ka4 0-1

[Event "47th Sparkassen Open"]
[Site "Dortmund GER"]
[Date "2019.07.14"]
[Round "2.9"]
[White "Wichtrup, Jan-Louis"]
[Black "Bock, Juergen"]
[Result "1-0"]
[WhiteElo "2125"]
[BlackElo "2268"]
[WhiteFideId "16229355"]
[BlackFideId "4619129"]
[EventDate "2019.07.13"]

1. d4 g6 2. Nf3 Bg7 3. e3 Nf6 4. Be2 O-O 5. O-O d6 6. c4 c5 7. Nc3 cxd4 8. Nxd4
Nc6 9. b3 Nxd4 10. exd4 d5 11. c5 Ne4 12. Bb2 Kh8 13. Nxe4 dxe4 14. Bc4 f5 15.
Qd2 Qc7 16. b4 e6 17. d5 exd5 18. Bxg7+ Qxg7 19. Qxd5 Re8 20. Qd6 Be6 21. Bxe6
Rad8 22. Qf4 Rxe6 23. Rad1 Qe7 24. h4 b6 25. h5 Rf8 26. Rd6 bxc5 27. bxc5 g5 28.
Rxe6 Qxe6 29. Qxg5 Qe5 30. Rd1 Rg8 31. Rd8 Qa1+ 32. Kh2 Rxd8 33. Qxd8+ Kg7 34.
Qg5+ Kh8 35. h6 1-0

[Event "47th Sparkassen Open"]
[Site "Dortmund GER"]
[Date "2019.07.14"]
[Round "2.10"]
[White "Dorst, Johannes"]
[Black "Toel, Karl-Ludwig"]
[Result "1-0"]
[WhiteTitle "FM"]
[WhiteElo "2234"]
[BlackElo "2068"]
[WhiteFideId "4650433"]
[BlackFideId "4685903"]
[EventDate "2019.07.13"]

1. e4 c5 2. Nf3 d6 3. Bb5+ Bd7 4. Bxd7+ Qxd7 5. c4 Nf6 6. Nc3 g6 7. d4 Bg7 8.
dxc5 dxc5 9. Qe2 Nc6 10. e5 Ng4 11. Bf4 Qf5 12. Nd5 O-O-O 13. h3 Ngxe5 14. Nxe5
Bxe5 15. Nxe7+ Nxe7 16. Qxe5 Qxe5+ 17. Bxe5 Rhe8 18. O-O Nc6 19. Bg7 Re2 20.
Rfe1 Rdd2 21. Bc3 Rc2 22. Rxe2 Rxe2 23. Kf1 Re4 24. b3 Kc7 25. Rd1 b6 26. Bg7 f5
27. f3 Re7 28. Bc3 Re3 29. Bd2 Re7 30. Bg5 Rd7 31. Re1 Nb4 32. Re2 Nc6 33. Kf2
a5 34. h4 a4 35. Re8 axb3 36. axb3 Na5 37. Re3 Nc6 38. Kg3 Rd1 39. Bf6 Rb1 40.
Kf4 Rg1 41. Re2 Kd6 42. Kg5 Nd4 43. Rd2 Ke6 44. Bxd4 cxd4 45. Kh6 Ke5 46. Kxh7
d3 47. Rxd3 Rxg2 48. Kg7 g5 49. Rd5+ Ke6 50. h5 g4 51. f4 g3 52. Re5+ Kd6 53.
Rxf5 1-0

[Event "47th Sparkassen Open"]
[Site "Dortmund GER"]
[Date "2019.07.14"]
[Round "2.11"]
[White "Strathoff, Martin"]
[Black "Michalczak, Thomas"]
[Result "0-1"]
[BlackTitle "FM"]
[WhiteElo "2102"]
[BlackElo "2239"]
[WhiteFideId "24609560"]
[BlackFideId "4622634"]
[EventDate "2019.07.13"]

1. d4 Nf6 2. c4 c5 3. d5 b5 4. cxb5 a6 5. bxa6 g6 6. Nc3 Bg7 7. e4 O-O 8. Nf3
Qa5 9. Bd3 Nxd5 10. exd5 Bxc3+ 11. bxc3 Qxc3+ 12. Qd2 Qxa1 13. O-O Bxa6 14. Bb2
Qxa2 15. Qc3 f6 16. Ra1 Qxa1+ 17. Bxa1 Bxd3 18. Bb2 c4 19. h4 d6 20. Qe1 Rf7 21.
Nd4 Nd7 22. Nc6 Ne5 23. f4 Ng4 24. Qb4 Re8 25. Bd4 h5 26. Qe1 e5 27. dxe6 Rb7
28. Nb4 Rbe7 29. Nxd3 cxd3 30. Qb1 Rxe6 31. Bf2 d2 0-1

[Event "47th Sparkassen Open"]
[Site "Dortmund GER"]
[Date "2019.07.14"]
[Round "2.12"]
[White "Chubakov, Sultan"]
[Black "Stillger, Bernhard"]
[Result "0-1"]
[BlackTitle "FM"]
[WhiteElo "2095"]
[BlackElo "2199"]
[WhiteFideId "13803468"]
[BlackFideId "4610768"]
[EventDate "2019.07.13"]

1. d4 Nf6 2. c4 g6 3. Nc3 d5 4. Bg5 Bg7 5. Bxf6 Bxf6 6. cxd5 c5 7. Nf3 cxd4 8.
Nxd4 Qb6 9. Nb3 O-O 10. e3 Rd8 11. Rc1 a5 12. Qd2 a4 13. Nd4 a3 14. b3 Na6 15.
Be2 Bxd4 16. exd4 Nb4 17. Bc4 e6 18. dxe6 Bxe6 19. d5 Qa5 20. Rd1 b5 21. Bxb5
Bxd5 22. Rg1 Bxb3 23. Qxd8+ Rxd8 24. Rxd8+ Qxd8 25. axb3 Qd4 0-1

[Event "47th Sparkassen Open"]
[Site "Dortmund GER"]
[Date "2019.07.14"]
[Round "2.13"]
[White "Humburg, Philipp"]
[Black "Biermann, Lenhard"]
[Result "1-0"]
[WhiteElo "2244"]
[BlackElo "2056"]
[WhiteFideId "24656151"]
[BlackFideId "12970077"]
[EventDate "2019.07.13"]

1. c4 e6 2. Nf3 Nf6 3. Nc3 c5 4. d4 cxd4 5. Nxd4 b6 6. e4 d6 7. Be3 Bb7 8. f3
Be7 9. Be2 O-O 10. O-O a6 11. Qd2 Nbd7 12. Rfc1 Rc8 13. a4 Qc7 14. a5 Rfd8 15.
Na4 bxa5 16. Nb3 Ba8 17. Nxa5 Qb8 18. Ra3 Nc5 19. b4 Nxa4 20. Rxa4 Ne8 21. Bf1
d5 22. exd5 exd5 23. c5 d4 24. Bf4 Qa7 25. Bd3 Nc7 26. Rca1 Bd5 27. Nc4 Bc6 28.
Bxc7 Qxc7 29. Rxa6 Rb8 30. Na5 Bd5 31. Re1 Bf6 32. Rxf6 gxf6 33. Qh6 f5 34. Qg5+
Kh8 35. Qf6+ Kg8 36. Qg5+ Kh8 37. Re7 Qc8 38. Bxf5 Qa6 39. c6 Rxb4 40. Qh6 Rb1+
41. Bxb1 d3 42. c7 Rd6 43. Re8# 1-0

[Event "47th Sparkassen Open"]
[Site "Dortmund GER"]
[Date "2019.07.14"]
[Round "2.14"]
[White "Eckert, Marius"]
[Black "Kartsev, Soel"]
[Result "0-1"]
[WhiteElo "2090"]
[BlackElo "2217"]
[WhiteFideId "12922234"]
[BlackFideId "4130561"]
[EventDate "2019.07.13"]

1. d4 Nf6 2. Bf4 d5 3. e3 e6 4. Nf3 Bd6 5. Bg3 Bxg3 6. hxg3 Qd6 7. c4 c6 8. Nc3
Nbd7 9. Be2 O-O 10. Qc2 e5 11. dxe5 Nxe5 12. O-O-O h6 13. e4 Neg4 14. Rhf1 Be6
15. Kb1 Rfd8 16. Ka1 Rac8 17. Qd2 Qc5 18. Qd4 Qa5 19. cxd5 cxd5 20. e5 Ne4 21.
Rc1 Ngxf2 22. Nd2 Nxc3 23. Rxc3 Ne4 24. Nb3 Qb6 25. Rxc8 Rxc8 26. Qa4 Nxg3 27.
Rc1 Nxe2 0-1

[Event "47th Sparkassen Open"]
[Site "Dortmund GER"]
[Date "2019.07.14"]
[Round "2.15"]
[White "Saizew, Valeri"]
[Black "Maes, Wim"]
[Result "0-1"]
[BlackTitle "FM"]
[WhiteElo "2032"]
[BlackElo "2185"]
[WhiteFideId "12932361"]
[BlackFideId "201073"]
[EventDate "2019.07.13"]

1. e4 c5 2. Nf3 e6 3. d4 cxd4 4. Nxd4 a6 5. Bd3 Nf6 6. O-O Qc7 7. Qe2 d6 8. Nc3
Nbd7 9. f4 b5 10. a4 b4 11. Nb1 Bb7 12. c3 Nc5 13. Nd2 Nxd3 14. Qxd3 d5 15. e5
Ne4 16. Nxe4 dxe4 17. Qg3 g6 18. Be3 bxc3 19. bxc3 Be7 20. Kh1 Qc4 21. Rab1 Bd5
22. a5 O-O 23. f5 Rfb8 24. Bh6 Rxb1 25. Rxb1 Qa2 26. Rf1 Bc4 27. Re1 Rc8 28. Qf4
Qxa5 29. f6 Bc5 30. Qxe4 Qxc3 31. Nf3 Bd5 32. Qe2 Ba3 33. Bd2 Qb2 34. Qe3 Bf8
35. Ng5 Rc2 36. Bc1 Bxg2+ 37. Kg1 Qa2 38. Ne4 Bxe4 39. Qxe4 Rxh2 40. Be3 Re2 41.
Rxe2 Qxe2 42. Qd4 h6 43. Qb6 g5 44. Bd4 a5 0-1

[Event "47th Sparkassen Open"]
[Site "Dortmund GER"]
[Date "2019.07.14"]
[Round "2.16"]
[White "Schoeneshoefer, Adrian"]
[Black "Boehm, Juergen2"]
[Result "1/2-1/2"]
[WhiteElo "1884"]
[BlackElo "2175"]
[WhiteFideId "16203771"]
[BlackFideId "4606434"]
[EventDate "2019.07.13"]

1. e4 e6 2. d4 d5 3. exd5 exd5 4. Nf3 Bd6 5. c4 dxc4 6. Bxc4 Nf6 7. h3 O-O 8.
O-O Nbd7 9. Nc3 Nb6 10. Bb3 c6 11. Bg5 h6 12. Be3 Bf5 13. Nh4 Bh7 14. Qf3 Ne8
15. Qg4 Nf6 16. Qf3 Ne8 17. Qg4 1/2-1/2

[Event "47th Sparkassen Open"]
[Site "Dortmund GER"]
[Date "2019.07.14"]
[Round "2.17"]
[White "Andersen, Gunnar"]
[Black "Doescher, Thorsten"]
[Result "1-0"]
[WhiteElo "2166"]
[BlackElo "2049"]
[WhiteFideId "30920795"]
[BlackFideId "24658286"]
[EventDate "2019.07.13"]

1. e4 c6 2. Nc3 d5 3. Nf3 Bg4 4. h3 Bh5 5. exd5 cxd5 6. Bb5+ Nc6 7. g4 Bg6 8.
Ne5 Rc8 9. d4 e6 10. h4 f6 11. Bxc6+ bxc6 12. Nxg6 hxg6 13. Qd3 Kf7 14. Bd2 Qb6
15. O-O-O Rb8 16. b3 Bb4 17. Rde1 Qc7 18. h5 gxh5 19. gxh5 Ne7 20. Qe2 Qd6 21.
Qg4 Rbc8 22. Bf4 Qd7 23. Na4 c5 24. Reg1 Rhg8 25. dxc5 Bxc5 26. Nxc5 Rxc5 27. h6
g6 28. h7 Rh8 29. Kb1 Qc8 30. Bd6 Rxc2 31. Bxe7 Qc3 32. Ba3 Qd3 33. Rh3 1-0

[Event "47th Sparkassen Open"]
[Site "Dortmund GER"]
[Date "2019.07.14"]
[Round "2.18"]
[White "Beckmann, David"]
[Black "Hausrath, Daniel"]
[Result "0-1"]
[BlackTitle "GM"]
[WhiteElo "2016"]
[BlackElo "2468"]
[WhiteFideId "24664707"]
[BlackFideId "4617495"]
[EventDate "2019.07.13"]

1. d4 Nf6 2. c4 g6 3. Nc3 Bg7 4. e4 d6 5. Nf3 O-O 6. Be2 c6 7. h3 a6 8. Be3 b5
9. a3 bxc4 10. Bxc4 d5 11. Bd3 dxe4 12. Nxe4 Nd5 13. O-O Nd7 14. Qc2 Bb7 15. Bg5
Qc7 16. Rac1 a5 17. Bc4 Qb6 18. Rfd1 Rfe8 19. Ba2 Rac8 20. Qd2 Ba6 21. Nc5 Nxc5
22. dxc5 Qxb2 23. Bxd5 cxd5 24. Qxa5 Bc4 25. Nd2 Bd4 26. Nxc4 Qxf2+ 27. Kh1 dxc4
28. Rxc4 Be5 29. Bh4 Qe2 30. Rcc1 Bb2 31. Rd2 Qe5 32. Re1 Qc3 33. Qxc3 Bxc3 34.
Rc2 Bxe1 35. Bxe1 Rc6 36. Kg1 f5 37. Kf2 Kf7 38. Ke3 e5 39. Kd3 Ke6 40. Kc4
Rxc5+ 0-1

[Event "47th Sparkassen Open"]
[Site "Dortmund GER"]
[Date "2019.07.14"]
[Round "2.19"]
[White "Artola Pola, Gerardo"]
[Black "Webb, Laurence E"]
[Result "0-1"]
[BlackTitle "FM"]
[WhiteElo "2031"]
[BlackElo "2327"]
[WhiteFideId "150878"]
[BlackFideId "402389"]
[EventDate "2019.07.13"]

1. e4 e6 2. d4 d5 3. Nc3 Bb4 4. e5 c5 5. a3 Bxc3+ 6. bxc3 Qa5 7. Bd2 Qa4 8. Qg4
Kf8 9. Nf3 Qxc2 10. dxc5 Nd7 11. Qd4 Qe4+ 12. Be3 Ne7 13. Bd3 Qxd4 14. cxd4 b6
15. cxb6 axb6 16. Bb5 Ke8 17. O-O Ba6 18. a4 f6 19. exf6 gxf6 20. Bf4 Nc8 21.
Rac1 Bxb5 22. axb5 Ke7 23. Rc6 Na7 24. Bd6+ Kf7 25. Rc7 Rhd8 26. Ra1 Nxb5 27.
Rxa8 Rxa8 28. Rxd7+ Ke8 29. Re7+ Kd8 30. Kf1 Ra1+ 31. Ke2 Ra2+ 32. Kd3 Nxd6 33.
Rxe6 Ra3+ 34. Ke2 Ne4 35. Rxb6 Kc7 36. Rb2 Nc3+ 37. Kf1 Ra1+ 38. Ne1 Ra3 39. g3
Kc6 40. Nc2 Ra4 41. Ke1 Nb5 42. Rb4 Ra2 43. Kd1 Nc3+ 44. Kc1 Ne4 45. Rb3 Ra4 46.
f3 Nd6 47. Nb4+ Kb5 48. Nc2+ Kc4 49. Rb6 Nb5 50. Rxf6 Kd3 51. Kb2 Rc4 52. Ne1+
Kd2 53. Re6 Rb4+ 54. Ka2 Nxd4 55. Re8 Ra4+ 56. Kb2 Rb4+ 57. Ka2 Nb5 58. f4 d4
59. Nf3+ Kc2 60. Ne1+ Kd1 61. Nd3 Nc3+ 62. Ka3 Rb5 63. Rd8 Nb1+ 64. Ka4 Nc3+ 65.
Ka3 Rd5 66. Rxd5 Nxd5 67. Kb3 Ne3 68. Ne5 Ke2 69. g4 d3 70. Nxd3 Kxd3 71. h3 Ke4
72. f5 Ke5 73. Kc3 Nd1+ 74. Kd2 Nf2 75. Ke3 Nxh3 76. Kf3 Ng5+ 77. Kg3 Ke4 78.
Kh4 Nf7 79. Kh5 Kf4 80. f6 Ke5 81. g5 Kf5 82. Kh4 Nxg5 83. f7 Nxf7 84. Kh3 Kg5
85. Kg3 h5 86. Kh3 h4 87. Kg2 Kg4 88. Kh2 h3 89. Kg1 Ng5 90. Kh1 Kg3 91. Kg1 Ne4 0-1

[Event "47th Sparkassen Open"]
[Site "Dortmund GER"]
[Date "2019.07.14"]
[Round "2.20"]
[White "Prueske, Wolfgang"]
[Black "Koellner, Ruben Gideon"]
[Result "1-0"]
[WhiteElo "1961"]
[BlackElo "2315"]
[WhiteFideId "4667271"]
[BlackFideId "12993093"]
[EventDate "2019.07.13"]

1. e4 d6 2. d4 Nf6 3. Nc3 e5 4. Nge2 Nc6 5. h3 g6 6. Bg5 h6 7. Be3 Bg7 8. Qd2 a6
9. d5 Ne7 10. g3 c6 11. dxc6 bxc6 12. O-O-O d5 13. f4 exf4 14. Nxf4 Rb8 15. e5
Nh7 16. Bd4 Nf5 17. Bc5 Qa5 18. Ba3 d4 19. e6 fxe6 20. Ne4 Qxd2+ 21. Rxd2 Nf6
22. Nd6+ Nxd6 23. Bxd6 Ra8 24. Bg2 Kd7 25. Be5 Bb7 26. Nd3 Kc8 27. Nc5 g5 1-0

[Event "47th Sparkassen Open"]
[Site "Dortmund GER"]
[Date "2019.07.14"]
[Round "2.21"]
[White "Hartikainen, Markku"]
[Black "Henrotte, Nils"]
[Result "1-0"]
[WhiteTitle "FM"]
[WhiteElo "2237"]
[BlackElo "1969"]
[WhiteFideId "501417"]
[BlackFideId "12923311"]
[EventDate "2019.07.13"]

1. e4 e6 2. d4 d5 3. e5 c5 4. c3 Bd7 5. Nf3 a6 6. Bd3 cxd4 7. cxd4 Bb5 8. O-O
Bxd3 9. Qxd3 Nh6 10. Bxh6 gxh6 11. Nc3 Nc6 12. Rac1 Bg7 13. Na4 O-O 14. Nc5 Qe7
15. Qb3 Rfb8 16. Qb6 Na7 17. g3 Nc8 18. Qb3 b5 19. Qe3 Nb6 20. h4 Nc4 21. Qe2
Rc8 22. b3 Nb6 23. Rc2 Rc7 24. Rfc1 Raa7 25. Nh2 Nd7 26. Ng4 Nxc5 27. Rxc5 Rxc5
28. Rxc5 Rc7 29. b4 Rxc5 30. bxc5 h5 31. Nh2 f6 32. Qxh5 fxe5 33. dxe5 Kf8 34.
Nf3 Qf7 35. Qxf7+ Kxf7 36. Kf1 Ke7 37. Ke2 Kd7 38. Kd3 Bf8 39. c6+ Kxc6 40. Ng5
Bc5 41. Ke2 h6 42. Nxe6 a5 43. f4 a4 44. f5 Ba3 45. Nd4+ Kd7 46. Nxb5 Bb2 47.
e6+ Ke7 48. Nc7 1-0

[Event "47th Sparkassen Open"]
[Site "Dortmund GER"]
[Date "2019.07.14"]
[Round "2.22"]
[White "Heck, Norbert"]
[Black "Rohde, Patrick"]
[Result "1-0"]
[WhiteTitle "FM"]
[WhiteElo "2211"]
[BlackElo "1978"]
[WhiteFideId "4622928"]
[BlackFideId "12913626"]
[EventDate "2019.07.13"]

1. Nf3 Nf6 2. c4 g6 3. g3 Bg7 4. Bg2 O-O 5. O-O d6 6. d4 Nc6 7. Nc3 a6 8. h3 Rb8
9. Be3 Nd7 10. Rc1 e5 11. b3 h6 12. Qd2 Kh7 13. dxe5 Ndxe5 14. Nd4 f5 15. f4
Nxd4 16. Bxd4 Nc6 17. Bxg7 Kxg7 18. Nd5 Kh7 19. Qc3 Be6 20. Kh2 Rc8 21. e4 fxe4
22. Bxe4 Bxd5 23. Bxd5 Qf6 24. Qxf6 Rxf6 25. Rce1 Kg7 26. h4 Rcf8 27. Kg2 a5 28.
a3 g5 29. fxg5 hxg5 30. Rxf6 Rxf6 31. hxg5 Rf5 32. Bxc6 bxc6 33. Re7+ Rf7 34.
Rxf7+ Kxf7 35. b4 axb4 36. axb4 Kg6 37. Kf3 Kxg5 38. b5 c5 39. Ke4 Kg4 40. Kd5
Kxg3 41. Kc6 Kf2 42. Kxc7 d5 43. b6 dxc4 44. b7 c3 45. b8=Q Ke2 46. Qb5+ Kd2 47.
Qa5 Kc2 48. Kc6 Kb2 49. Qb5+ Kc1 50. Kxc5 c2 51. Kd4 1-0

[Event "47th Sparkassen Open"]
[Site "Dortmund GER"]
[Date "2019.07.14"]
[Round "2.23"]
[White "Baerwolf, Steven"]
[Black "Fistoul, Boris"]
[Result "1-0"]
[WhiteElo "2176"]
[BlackElo "1938"]
[WhiteFideId "24658634"]
[BlackFideId "12953962"]
[EventDate "2019.07.13"]

1. e4 e6 2. d4 b6 3. Bd3 Bb7 4. Nc3 g6 5. Nge2 Bg7 6. Be3 Ne7 7. Qd2 O-O 8.
O-O-O d6 9. Bh6 Nd7 10. Kb1 a6 11. h4 e5 12. h5 Nf6 13. hxg6 fxg6 14. Bc4+ d5
15. exd5 Bxh6 16. d6+ Ned5 17. Qxh6 1-0

[Event "47th Sparkassen Open"]
[Site "Dortmund GER"]
[Date "2019.07.14"]
[Round "2.24"]
[White "Meinschien, Finn"]
[Black "Guenther, Lars"]
[Result "0-1"]
[WhiteElo "1908"]
[BlackElo "2114"]
[WhiteFideId "12989665"]
[BlackFideId "4625153"]
[EventDate "2019.07.13"]

1. e4 Nf6 2. e5 Nd5 3. d4 d6 4. c4 Nb6 5. exd6 cxd6 6. Nc3 g6 7. a4 Bg7 8. a5
N6d7 9. Ra3 e5 10. Nf3 O-O 11. Be2 Nc6 12. d5 Ne7 13. b4 f5 14. Be3 f4 15. Bc1
Nf6 16. Ng5 Nf5 17. Nge4 Nd4 18. Bb2 Bf5 19. Bd3 Rc8 20. Qc1 f3 21. g3 Bxe4 22.
Nxe4 Nxd5 23. Bxd4 exd4 24. Qd2 Nc3 25. Nxc3 dxc3 26. Qc1 Re8+ 27. Kd1 d5 28. c5
Qf6 29. Kc2 Qd4 0-1

[Event "47th Sparkassen Open"]
[Site "Dortmund GER"]
[Date "2019.07.14"]
[Round "2.25"]
[White "Kantor, Nikita"]
[Black "Koellner, Christof"]
[Result "0-1"]
[WhiteElo "1906"]
[BlackElo "2091"]
[WhiteFideId "12990922"]
[BlackFideId "4635787"]
[EventDate "2019.07.13"]

1. Nf3 d5 2. g3 Nf6 3. d4 e6 4. c4 Bb4+ 5. Nbd2 O-O 6. Bg2 b6 7. O-O Bb7 8. a3
Be7 9. Qc2 Nbd7 10. b4 dxc4 11. Qxc4 c5 12. dxc5 bxc5 13. b5 a6 14. Re1 Nb6 15.
Qb3 axb5 16. Qxb5 Ba6 17. Qb3 c4 18. Qc2 Rc8 19. Rb1 c3 20. Nb3 Nc4 21. Ra1 Qb6
22. Qxc3 Nd5 23. Qc2 Nxa3 24. Qxc8 Bxc8 25. Bxa3 Qxb3 26. Bxe7 Nxe7 27. Reb1 Qc3
28. Rc1 Qf6 29. Nd2 e5 30. Ne4 Qg6 31. Ra7 Bf5 32. Rxe7 Bxe4 33. Rxe5 Bxg2 34.
Kxg2 Qd6 35. Rec5 g6 36. Rc8 Qd5+ 37. Kg1 Rxc8 38. Rxc8+ Kg7 39. Re8 Qd7 40. Re3
Qh3 41. f4 h5 42. Rf3 Kf6 43. Rd3 Kf5 44. Rd5+ Ke4 45. Re5+ Kd4 46. Re7 f6 47.
Rg7 Ke3 48. Re7+ Kd2 49. Rb7 Kxe2 50. Rb2+ Kf3 51. Rf2+ Kg4 52. Rg2 Kf5 53. Rd2
h4 0-1

[Event "47th Sparkassen Open"]
[Site "Dortmund GER"]
[Date "2019.07.14"]
[Round "2.26"]
[White "Gerlach, Felix Tobias"]
[Black "Farokhi, Keyvan"]
[Result "1/2-1/2"]
[WhiteElo "2097"]
[BlackElo "1946"]
[WhiteFideId "12957690"]
[BlackFideId "12998630"]
[EventDate "2019.07.13"]

1. c4 Nf6 2. g3 e6 3. Bg2 d5 4. Nf3 Be7 5. O-O O-O 6. b3 c5 7. Bb2 Nc6 8. e3 b6
9. Nc3 dxc4 10. bxc4 Qc7 11. Qe2 Bb7 12. d3 a6 13. Rad1 Rfd8 14. Ne1 Na7 15. e4
b5 16. Nc2 bxc4 17. dxc4 Rxd1 18. Rxd1 Rd8 19. Ba1 1/2-1/2

[Event "47th Sparkassen Open"]
[Site "Dortmund GER"]
[Date "2019.07.14"]
[Round "2.27"]
[White "Conrad, Joachim"]
[Black "Prieb, Robert"]
[Result "1/2-1/2"]
[BlackTitle "CM"]
[WhiteElo "2068"]
[BlackElo "1824"]
[WhiteFideId "24623083"]
[BlackFideId "16212002"]
[EventDate "2019.07.13"]

1. d4 Nf6 2. Bg5 c5 3. Bxf6 gxf6 4. d5 Qb6 5. Qc1 Bg7 6. Na3 d6 7. e3 Nd7 8. Nc4
Qc7 9. a4 Ne5 10. Nxe5 fxe5 11. Bb5+ Bd7 12. e4 Qa5+ 13. Qd2 Qxd2+ 14. Kxd2
O-O-O 15. Bxd7+ Rxd7 16. Ne2 b6 17. Nc3 a6 18. Ra3 Rb7 19. Kd3 Kc7 20. b3 Rhb8
21. Rha1 Bf6 22. Nd1 Bg5 23. Nb2 b5 24. axb5 axb5 25. Ra6 Rb6 26. R6a5 e6 27.
Ra7+ R8b7 28. Ra8 Rb8 29. R1a7+ R6b7 30. Rxb7+ Kxb7 31. Rxb8+ Kxb8 32. c4 b4 33.
Ke2 Kc7 34. Kf3 Kd7 35. Kg4 Bd2 36. Na4 Bc1 37. g3 Kc7 38. f4 exd5 39. exd5 e4
40. f5 Bd2 41. h4 Bc3 42. Kf4 Be5+ 43. Kxe4 Bxg3 44. h5 f6 1/2-1/2

[Event "47th Sparkassen Open"]
[Site "Dortmund GER"]
[Date "2019.07.14"]
[Round "2.28"]
[White "Guenther, Patrick"]
[Black "Meier, Silas"]
[Result "1/2-1/2"]
[WhiteElo "2055"]
[BlackElo "1811"]
[WhiteFideId "24618357"]
[BlackFideId "16210662"]
[EventDate "2019.07.13"]

1. d4 d5 2. c4 e5 3. dxe5 d4 4. Nf3 Nc6 5. a3 Nge7 6. b4 Ng6 7. Bb2 a5 8. b5
Ncxe5 9. Nxe5 Nxe5 10. e3 Be6 11. Bxd4 Nxc4 12. Qc2 Nd6 13. Nd2 Qd7 14. Qb2 f6
15. Be2 Nf5 16. Bc3 Nh4 17. Bf1 b6 18. e4 Bd6 19. g3 Ng6 20. Bg2 Bh3 21. O-O
Bxg2 22. Kxg2 O-O 23. Rad1 Qg4 24. Kh1 Ne5 25. Qb3+ Kh8 26. f3 Qh5 27. Bxe5 Bxe5
28. Kg2 Rad8 29. Nc4 Qf7 30. Rd3 Rxd3 31. Qxd3 Qe7 32. Rd1 h6 33. f4 Bd6 34.
Nxd6 cxd6 35. Rc1 g5 36. f5 Qe5 37. h3 Re8 38. Rc6 Qb2+ 39. Kf3 Qh2 1/2-1/2

[Event "47th Sparkassen Open"]
[Site "Dortmund GER"]
[Date "2019.07.14"]
[Round "2.29"]
[White "Hourigan, Gerrit"]
[Black "Yin, Haode"]
[Result "1-0"]
[WhiteElo "2037"]
[BlackElo "1652"]
[WhiteFideId "16204174"]
[BlackFideId "16261348"]
[EventDate "2019.07.13"]

1. Nf3 d5 2. d4 Nf6 3. c4 e6 4. Nc3 Nbd7 5. cxd5 exd5 6. Bf4 c6 7. a3 Nh5 8. Bg3
Nxg3 9. hxg3 Bd6 10. e3 Nf6 11. Bd3 Bg4 12. Qc2 h6 13. Ne5 Qe7 14. Nxg4 Nxg4 15.
O-O-O Nf6 16. Kb1 O-O-O 17. Rc1 Kb8 18. Na4 Ne4 19. Bxe4 Qxe4 20. Qxe4 dxe4 21.
g4 Rhe8 22. Rh5 Re6 23. g5 hxg5 24. Rxg5 g6 25. d5 cxd5 26. Rxd5 Rc8 27. Rh1 Rc4
28. Nc3 a6 29. Kc2 Rf6 30. Kb3 b5 31. Nxb5 Rc6 32. Nxd6 Rfxd6 33. Rhd1 Rb6+ 34.
Ka2 Rdc6 35. Rd8+ Kb7 36. R8d7+ Rc7 37. b4 Rc6 38. Rxc7+ Kxc7 39. Kb3 Kb6 40. f3
exf3 41. gxf3 Re6 42. Rd3 f5 43. Kc4 g5 44. Kd5 Re8 45. a4 Re7 46. Rc3 Kb7 47.
e4 f4 48. e5 Rc7 49. Rxc7+ Kxc7 50. Ke4 Kc6 51. Kf5 Kd5 52. Kxg5 Kxe5 53. b5
axb5 54. axb5 Kd6 55. Kxf4 Kc5 56. Ke5 Kxb5 57. Ke6 Kc4 58. f4 Kd4 59. f5 Ke4
60. f6 Kf4 1-0